Fluid Mechanics / (Record no. 13014)

MARC details
000 -LEADER
fixed length control field 01188nac a22002171u 4500
008 - FIXED-LENGTH DATA ELEMENTS--GENERAL INFORMATION
fixed length control field 091209t2005 enk||||| |||| 001 0 eng d
020 ## - INTERNATIONAL STANDARD BOOK NUMBER
International Standard Book Number 0131292935
082 00 - DEWEY DECIMAL CLASSIFICATION NUMBER
Classification number 620.106
Item number FLU
Edition number 22
245 10 - TITLE STATEMENT
Title Fluid Mechanics /
Statement of responsibility, etc John F. Douglas, Janusz M. Gasiorek, John A. Swaffield.
250 ## - EDITION STATEMENT
Edition statement 5th ed.
260 ## - PUBLICATION, DISTRIBUTION, ETC. (IMPRINT)
Place of publication, distribution, etc Harlow, England :
Name of publisher, distributor, etc Pearson,
Date of publication, distribution, etc 2005
300 ## - PHYSICAL DESCRIPTION
Extent xxix, 958 p. :
Other physical details ill. ;
Dimensions 25 cm.
504 ## - BIBLIOGRAPHY, ETC. NOTE
Bibliography, etc Includes bibliographical references and index
650 #0 - SUBJECT ADDED ENTRY--TOPICAL TERM
Topical term or geographic name as entry element Fluid mechanics.
9 (RLIN) 9800
700 1# - ADDED ENTRY--PERSONAL NAME
Personal name Gasiorek, J. M.
Fuller form of name (Janusz Maria),
Dates associated with a name 1927-
9 (RLIN) 9801
700 1# - ADDED ENTRY--PERSONAL NAME
Personal name Swaffield, J. A.,
Dates associated with a name 1943-
9 (RLIN) 9802
942 ## - ADDED ENTRY ELEMENTS (KOHA)
Item type Book - Borrowing
Call number prefix 620.106 FLU
Source of classification or shelving scheme Dewey Decimal Classification
Holdings
Withdrawn status Item status Source of classification or shelving scheme Damaged status Not for loan Vendor Home library Current library Shelving location Date acquired Source of acquisition Total Checkouts Full call number Barcode Date last seen Date last borrowed Koha item type Total Renewals
    Dewey Decimal Classification     Baccah Central Library Central Library First floor 09/12/2009   3 620.106 FLU 000018775 15/07/2025 11/01/2010 NB - Book (Non borrowing)  
    Dewey Decimal Classification     Baccah Central Library Central Library First floor 09/12/2009   8 620.106 FLU 000018776 15/07/2025 31/03/2021 Book - Borrowing 34
    Dewey Decimal Classification     Baccah Central Library Central Library First floor 09/12/2009   9 620.106 FLU 000018989 15/07/2025 05/01/2022 Book - Borrowing 40